Ortografia a ortoepia odborného anglického jazyka

Gespeichert in:
Bibliographische Detailangaben
1. Verfasser: Barac, Ľudovít
Körperschaft: Ekonomická univerzita v Bratislave. Fakulta aplikovaných jazykov
Weitere Verfasser: Stradiotová, Eva, 1963-, Vicha, Peter
Format: Buch
Sprache:Slowakisch
Englisch
Veröffentlicht: Bratislava Vydavateľstvo EKONÓM 2015
Ausgabe:1. vyd.
Schlagworte:
Tags: Tag hinzufügen
Keine Tags, Fügen Sie das erste Tag hinzu!

MARC

LEADER 00000nam a2200000 4500
001 0207298
005 20240502073438.3
020 |a 978-80-225-4141-1 
041 0 |a slo 
041 0 |a eng 
044 |a SK 
245 1 0 |a Ortografia a ortoepia odborného anglického jazyka  |c Ľudovít Barac ; recenzenti: Eva Stradiotová, Peter Vicha 
250 |a 1. vyd. 
264 1 |a Bratislava  |b Vydavateľstvo EKONÓM  |c 2015 
300 |a 199 s. [9,63 AH] 
610 2 0 |a jazykoveda 
610 2 0 |a jazyky cudzie 
610 2 0 |a terminológia 
610 2 0 |a jazyk odborný 
100 1 |a Barac, Ľudovít 
700 1 |a Stradiotová, Eva, 1963- 
700 1 |a Vicha, Peter 
710 2 |a Ekonomická univerzita v Bratislave. Fakulta aplikovaných jazykov